000 00629nam a22002297a 4500
003 UA-OsUOA
001 97121
007 ta
008 20130326b un ||||| |||| 00| 0 ukr d
100 _aОлдридж Д.
090 _a821.111
_bО-53
942 _cBK
040 _aUA-OsUOA
_brus
_cUA-OsUOA
_dUA-OsUOA
245 _aГерои пустынных горизонтов
300 _a493 с.
955 _a3
041 _arus
080 _a821.111
260 _aМ.
_bИностранная литература
_c1958
650 7 _a82 Література. Літературознавство
_2UDC
999 _c383375
_d383375